Vergine giurata /

Kaydedildi:
Detaylı Bibliyografya
Yazar: Di Cosimo, Nando (Besteci)
Diğer Yazarlar: Jaha, Luan (Aktör), Shllaku, Bruno (Aktör), Celaj, Ilire (Aktör), Radovic, Vladan (Fotoğrafçı), Manieri, Francesca (Senarist), Eidinger, Lars (Aktör), Rohrwacher, Alba (Aktör), Bispuri, Laura (Tönetmen), Kodheli, Flonja (Aktör)
Materyal Türü: Saydam/Asetat
Dil:İtalyanca
Arnavutça
Baskı/Yayın Bilgisi: Campi Bisenzio : Cecchi Gori Entertainment, ©2016
Etiketler: Etiketle
Etiket eklenmemiş, İlk siz ekleyin!

MARC

LEADER 00000ngm a22000007i 4500
001 IT\ICCU\MOD\1658915
003 ItRI
005 20260124182855.0
008 160705s2016 it |||||||||||||||k|||||c
024 3 1 |a 8057092010716 
028 4 2 |a PSV21400  |b Cecchi Gori Entertainment 
040 |b ita 
041 7 |a ita  |a alb  |2 ISO-639-2 
130 0 |a Vergine giurata <film ; 2015>  |3 IT\ICCU\MOD\1658916 
245 0 0 |a Vergine giurata /  |c un film di Laura Bispuri ; scritto da Francesca Manieri e Laura Bispuri ; fotografia Vladan Radovic ; musiche originali Nando Di Cosimo. 
260 |a Campi Bisenzio :  |b Cecchi Gori Entertainment,  |c ©2016 
300 |a 1 DVD-Video (84 min) :  |b color., sonoro ;  |c 12 cm 
500 |a Titolo del contenitore 
500 |a Contenuti extra: "In cerca del film"; Making of 
500 |a Lingue: italiano, albanese; sottotitoli: italiano, italiano per non udenti 
500 |a Interpreti: Alba Rohrwacher, Flonja Kodheli, Lars Eidinger 
500 |a Produzione: Italia, Svizzera, Germania, Albania, Kosovo, Francia 2015 
500 |a Caratteristiche tecniche: regione 2; PAL; 16/9, 2.35:1; Dolby digital 5.1, 2.0. 
700 1 |a Jaha, Luan  |0 IT\ICCU\DDSV\355025  |4 act 
700 1 |a Shllaku, Bruno  |0 IT\ICCU\DDSV\355026  |4 act 
700 1 |a Celaj, Ilire  |0 IT\ICCU\DDSV\355027  |4 act 
700 1 |a Radovic, Vladan  |0 IT\ICCU\LO1V\326698  |4 pht 
700 1 |a Manieri, Francesca  |0 IT\ICCU\LO1V\381653  |4 sce 
700 1 |a Eidinger, Lars  |0 IT\ICCU\LO1V\415434  |4 act 
700 1 |a Rohrwacher, Alba  |0 IT\ICCU\MODV\598441  |4 act 
700 1 |a Bispuri, Laura  |0 IT\ICCU\MODV\661008  |4 drt 
700 1 |a Di Cosimo, Nando  |0 IT\ICCU\MODV\661009  |4 cmp 
700 1 |a Kodheli, Flonja  |0 IT\ICCU\MODV\661010  |4 act 
942 |2 ddc  |c VM  |n 0 
952 |0 0  |1 0  |4 0  |6 VO_2317_000000000000000  |7 0  |9 27368  |a BO  |b BO  |d 2026-01-24  |i 18682  |l 0  |o VO 2317  |p BO18682  |r 2026-01-24 18:28:56  |w 2026-01-24  |x [Sebina 5] [1 dvd]  |y VM  |z 1 dvd 
999 |c 23180  |d 23180